Answers Are Numbers 1-206 Super Challenge - Statistics

General Stats
  • This quiz has been taken 25 times
    15 since last reset
  • The average score is 44 of 206
Answer Stats
Hint Numbers % Correct
Number of countries in the world 196
70%
The number of days in the months January, March, May, July, August, October and December 31
70%
Number of stars on U.S. flag 50
70%
3 × 23 69
70%
Number of planets in our Solar System 8
70%
Number of total dots on a die 21
60%
Average number of wisdom teeth 4
60%
Number in the the shortened name of Coronavirus disease 2019 COVID {19}
60%
The number of Dalmatians in the disney classic 101
50%
3 × 43 129
50%
2 × 67 134
50%
2 × 73 146
50%
2 × 79 158
50%
The number of hours in a week, or 7 x 24 hours 168
50%
The number of years of marriage marked in a silver wedding anniversary 25
50%
Average number of PERMANENT teeth in humans 32
50%
Average full term pregnancy in weeks 40
50%
Jules Verne novel Around the World in ... Days 80
50%
3 × 31 93
50%
CV 105
40%
2 × 53 106
40%
CVII 107
40%
3 × 37 111
40%
CXIII 113
40%
CXV 115
40%
CXIX 119
40%
CXXIV 124
40%
CXXV 125
40%
CXXVI 126
40%
CXXVII 127
40%
CXXXVII 137
40%
2 × 3 × 23 138
40%
CXXXIX 139
40%
3 × 47 141
40%
CXLV 145
40%
2 × 5 × 17 170
40%
CLXXIII 173
40%
CLXXIV 174
40%
CLXXVIII 178
40%
CLXXXIII 183
40%
2 × 3 × 31 186
40%
2 × 5 × 19 190
40%
2 × 97 194
40%
CCIII 203
40%
CCIV 204
40%
CCV 205
40%
Joseph Heller's novel Catch ... 22
40%
The age of Brian Jones, Janis Joplin, Jimmy Hendrix, Jim Morrison and Kurt Kobain at death 27
40%
Classic Christmas film Miracle on ... {34} th Street
40%
The normal human body temperature in degrees Celsius 37
40%
Number associated with NFL's San Francisco team 49
40%
Number of strings on a standard guitar 6
40%
11 + 13 + 17 + 19 60
40%
Number of squares on a chess board 64
40%
Number of keys on a modern piano 88
40%
According to folklore a cat has how many lives? 9
40%
XCVII 97
40%
Number associated with the first manned spacecraft to land on the Moon Apollo {11}
40%
Atomic number of Hydrogen 1
30%
Diez, Tio, Zehn, and Zece in Spanish, Swedish, German and Romanian 10
30%
CIX 109
30%
CXXXI 131
30%
CXXXII 132
30%
CXLII 142
30%
CXLVIII 148
30%
CXLIX 149
30%
The age of a girl at her quinceañera 15
30%
CLV 155
30%
CLX 160
30%
CLXI 161
30%
CLXVI 166
30%
3 × 59 177
30%
CLXXIX 179
30%
Number of holes in a standard round of golf 18
30%
CLXXX 180
30%
5 × 37 185
30%
CLXXXVIII 188
30%
CLXXXIX 189
30%
CXCI 191
30%
CXCIII 193
30%
CXCVIII 198
30%
CXCIX 199
30%
Twain is an old English word for which number 2
30%
Number of whole miles in a marathon 26
30%
The first odd prime number and the second smallest prime 3
30%
George H. W. Bush was the ...President of the United States {41} st
30%
Number of U. S. Presidents since 1776 45
30%
Number of cards in a deck of playing cards 52
30%
LXII 62
30%
LXVIII 68
30%
The number worn by football player Chad Ochocinco 85
30%
The sum of a penny, a nickel, a dime, a quarter and a half dollar 91
30%
American pop punk band Blink {182}
30%
A google is the digit 1 followed by how many zeros? 100
20%
Olympic male track and field athletics run ... metre hurdles 110
20%
The number of years that the Hundred Years' War between France and England actually lasted 116
20%
Number of countries of Oceania 14
20%
CLXIX 169
20%
CLXXXI 181
20%
The total value of all the tiles in a standard English Scrabble set is 187 187
20%
Number of bones in the human body (average) 206
20%
Traditionally (UK/US) the years of a pearl wedding anniversay 30
20%
The jersey number of Jackie Robinson 42
20%
Number of countries in Europe 44
20%
Number of countries in Asia 48
20%
Highly classified U.S. military base in Nevada said to contain a UFO 51
20%
The number corresponding to the last minute in a given hour, and the last second in a given minute 59
20%
Number of North African Countries 7
20%
Three score and ten 70
20%
The prime number directly before 73 71
20%
The year of the signing of the United States Declaration of Independence was 17... 76
20%
American English slang for canceling something, killing someone, getting rid of something 86
20%
Fourscore and seven years 87
20%
The 24th prime number, following 83 and preceding 97 89
20%
The number of problems Jay Z has 99
20%
The number of scales Chinese dragons are usually depicted as having 117
10%
Number of elements on the Periodic Table 118
10%
Number of countries in South America 12
10%
The age at which Moses died 120
10%
The official end score for Cribbage 121
10%
Number of island countries in the Carribean 13
10%
A popular pager number to communicate "I love you" 143
10%
The number of square inches in a square foot 144
10%
The highest possible break in snooker, in the absence of fouls and refereeing errors 147
10%
The proof number of Bacardi rum 151
10%
Number of counties in the U.S. state of Georgia 159
10%
Games in a baseball season 162
10%
The seventh prime number 17
10%
3 + 5 + 7 + 11 + 13 + 17 + 19 + 23 + 29 + 31 + 37 195
10%
Number of sectors on a standard dartboard 20
10%
Number of letters in the Greek alphabet 24
10%
Number of days in the average human menstrual cycle 28
10%
The minimum age of presidential candidates in the United States, Ireland, Russia , Trinidad and Tobago and Uruguay 35
10%
Number of black keys on a modern piano 36
10%
The ... parallel north is the pre-Korean War boundary between North Korea and South Korea. {38} th
10%
Age of JFK on inaguration day 43
10%
Number of Sub-Saharan African Countries 46
10%
Number of Pillars in Islam 5
10%
Number of countries in Africa 54
10%
In the United States, the National Maximum Speed Law that prohibited speed limits higher than ... miles per hour 55
10%
Number of counties in California 58
10%
In the U.S., the age at which a person is eligible to obtain Medicare 65
10%
Number of books in the Catholic Bible 73
10%
In judaism one can celebrate a second bar mitzvah when they reach this age 83
10%
The atomic number of uranium 92
10%
Interstate ..., a freeway that runs from Florida to Maine 95
10%
A song by The Judds 102
0%
The emergency telephone number for ambulance in Belarus, India and Ukraine 103
0%
The number of Corinthian columns in the Temple of Olympian Zeus 104
0%
In Homer's Odyssey, the number of suitors coveting Penelope, wife of Odysseus 108
0%
The number of pounds in a British long hundredweight 112
0%
The number of Surah (Chapters) in the Quran 114
0%
The number of men of Michmas at the census (Bible, Nehemiah 7:31) 122
0%
The Book of Numbers says that Aaron died at this age 123
0%
The number of US fluid ounces in a US gallon 128
0%
The Book of Genesis states Adam had Seth at this age 130
0%
In Austria, the phone number for the police 133
0%
33 × 5 135
0%
The lowest frequency band amateur radio operators are allowed to transmit {136} kHz
0%
The age that Job died 140
0%
In the Book of Genesis, the number of days the Great Flood persisted on Earth before subsiding 150
0%
23 × 19 152
0%
32 × 17 153
0%
The consecutive major championships from the 1957 U.S. Open to the 1998 U.S. Open played by golfer Jack Nicklaus 154
0%
22 × 3 × 13 156
0%
Steph Curry holds the NBA record of how many consecutive games with a 3-point field goal made 157
0%
Number of cups in a gallon 16
0%
In darts, the lowest number that cannot be shot with three darts on a standard dart board 163
0%
22 × 41 164
0%
MLB pitchers Sandy Koufax and Bill Sherdel had how many career wins 165
0%
Martina Navratilova won this many tennis titles, an all-time record for men or women 167
0%
32 × 19 171
0%
22 × 43 172
0%
The flight number of the plane that crashed into the South Tower of the World Trade Center on September 11, 2001 175
0%
The largest unit of the Alaska Air National Guard {176} th Wing
0%
The Proposition number of California's three-strikes law in 1994 184
0%
26 × 3 192
0%
The police emergency telephone number in Tunisia 197
0%
A cholesterol level at or below this number is considered "desirable corresponding to lower risk for heart disease". 200
0%
Area code assigned to northern New Jersey in the United States 201
0%
The area code assigned to Washington D.C. 202
0%
In Islam, the Qur'an was revealed in a total of ... years to the Prophet Muhammed 23
0%
The number of letters in the Turkish, Finnish, Swedish, Danish and Norwegian alphabets 29
0%
Number of human vertebrea 33
0%
Number of books in the Old Testament 39
0%
The atomic number of silver 47
0%
The atomic number of iodine 53
0%
Number of men who signed the United States Declaration of Independence in 1776 56
0%
Carnegie Hall is on West ... Street in New York City {57} th
0%
Number of floors of 1 Liberty Place, Philadelphia's tallest building 61
0%
Number of chromosomes found in the offspring of a donkey and a horse 63
0%
Number of books in the Old Testament 66
0%
Number of throws in judo 67
0%
Nmber of languages spoken at the Tower of Babylon 72
0%
A hurricane or typhoon is a system with sustained winds of at least ... {74} mph
0%
The age limit for Canadian senators 75
0%
Talking Heads's debut album 77
0%
Number of organs in the human body 78
0%
Number of moons of Jupiter 79
0%
Number of provinces in Turkey 81
0%
The atomic number of lead 82
0%
The number of Earth years it takes Uranus to orbit the sun once 84
0%
The latitude in degrees of the North and the South geographical poles 90
0%
The length of an NBA court in feet 94
0%
The number of surat Al-Alaq in the Qur'an 96
0%
The highest jersey number allowed in the National Hockey League 98
0%
No matching quizzes found
Score Distribution
Percent of People with Each Score
Percentile by Number Answered
Your Score History
You have not taken this quiz since the last reset